Countries Closest To Equatorial Guinea - Statistics

General Stats
  • This quiz has been taken 36 times
    18 since last reset
  • The average score is 9 of 10
Answer Stats
Distance In Kilometers Answer % Correct
1424 Democratic Republic of the Congo
100%
652 Republic of the Congo
100%
130 Angola
93%
0 Cameroon
93%
844 Nigeria
93%
1223 Benin
86%
1304 Central African Republic
86%
0 Gabon
86%
438 Sao Tome and Principe
86%
1300 Togo
79%
No matching quizzes found
Score Distribution
Percent of People with Each Score
Percentile by Number Answered
Your Score History
You have not taken this quiz since the last reset